000 00536nam a22002057a 4500
003 OSt
005 20260408120751.0
008 260408b |||||||| |||| 00| 0 eng d
020 _a978-0-143-46953-7
040 _cSBCL
082 _a823
_bRIT-C
100 _aRithvik,Singh
245 _aI Cannot say Goodbye to you
260 _aHaryana
_bPenguin Random House India
_c2025
300 _a363p.
630 _xLiterature & rhetoric
650 _aEnglish & Old English literatures
650 _aEnglish fiction
942 _cBOOK
999 _c137905
_d137905